000 00655nam a2200205Ia 4500
008 170504s9999 xx 000 0 und d
050 _aHF 5801
050 _b.C112 2016
100 _aCaballero, Joenard E.
245 4 _aThe community response and brans awareness on southville international school and colleges facebook as an e-marketing tool /
245 _cJoenard E. Caballero.
260 _aLas PiƱas, Philippines :
260 _bSISC,
260 _c2016.
300 _a35 pages :
300 _billustrations ;
300 _c28 cm.
500 _aIncludes bibliographical references and appendices.
521 _aBusiness Administration
999 _c329783
_d329783